000 01695nam a22002417a 4500
003 Uzh_bibl
008 260409b |||||||| |||| 00| 0 ukr d
020 _c300.00
040 _bукр.
041 _2ukr
_aukr
080 _a94(477)
090 _a94(477)
_bХ 94
100 _a
245 _aХроніки війни.Україна 2014-2025.
_hАльбом
260 _aКиїв
_bPublish Pro
_c2025
300 _a362 с.
_bфото.
_fВ опр.
520 _aФотокнига «ХРОНІКИ ВІЙНИ: УКРАЇНА 2014–2025» — це потужне свідчення десятирічної боротьби України за свободу, що документує найбільшу трагедію новітньої історії Європи очима тих, хто був у самому її епіцентрі. У книзі зібрано понад 360 фотографій і десятки свідчень, зафіксованих українськими документалістами та фотожурналістами з 2014 року — від Революції Гідності до щоденних реалій повномасштабної війни. Через об’єктиви фотографів постає хроніка спротиву, втрат, гідності й незламності, що стає не лише мистецьким артефактом, а й важливим історичним джерелом.
521 _aДля широкого кола читачів
546 _aукр.
650 _aПопулярне видання
655 _aФотоальбом
942 _2udc
_cBK
999 _c17308
_d17308